| 000 | 00511nam a2200181Ia 4500 | ||
|---|---|---|---|
| 001 | 8887 | ||
| 005 | 20260306160643.0 | ||
| 008 | 260306t2013||||xx |||||||||||||| ||spa|| | ||
| 041 | _aESP | ||
| 082 |
_a371.9 _bC28A |
||
| 100 |
_aCáritas del Perú _eAUT |
||
| 245 | 0 |
_aAtendiendo a la diversidad: _bmanual para el trabajo con padres y madres de niños , niñas y jóvenes con discapacidad |
|
| 260 | _c2013 | ||
| 300 |
_a85 páginas : _c20 cm. |
||
| 650 | _aGEN | ||
| 654 | _aCED | ||
| 942 |
_cLIB _dJUS _fJUS _2ddc _n |
||
| 999 |
_c8887 _d8887 |
||